Juanilla, Juanillo y la abuela
Enregistré dans:
| Auteur principal: | |
|---|---|
| Format: | Livre |
| Langue: | espagnol |
| Publié: |
Santiago
Andrés Bello
1996
|
| Édition: | 5a. ed |
| Sujets: | |
| Tags: |
Ajouter un tag
Pas de tags, Soyez le premier à ajouter un tag!
|
MARC
| LEADER | 00000nam a2200000 a 4500 | ||
|---|---|---|---|
| 001 | UCH8226 | ||
| 003 | CL-VaPUC | ||
| 008 | 091127e19960000CL |||||||||||||||||spa|d | ||
| 020 | |a 9561314495 | ||
| 082 | 0 | 4 | |a Ch863 |b MOR |2 21 |
| 100 | |a Morel Chaigneau, Alicia |e autora |9 626523 | ||
| 245 | 1 | 0 | |a Juanilla, Juanillo y la abuela |
| 250 | |a 5a. ed | ||
| 300 | |a 147 p | ||
| 942 | |c BK | ||
| 945 | |d 20091127 00:00:00 |a lazolas | ||
| 260 | |a Santiago |b Andrés Bello |c 1996 | ||
| 500 | |a Novela para niños a partir de 6 años | ||
| 650 | 0 | |a Cuentos infantiles chilenos |9 308784 | |
| 650 | 0 | |a Cuentos chilenos |9 308280 | |
| 650 | 0 | |a Literatura chilena |9 308278 | |
| 583 | |a last modification |c 20091127 00:00:00 |k Rodrigo Vera | ||
| 999 | |c 338458 |d 338456 | ||